Zásady tvorby moderného študijného programu pre oblasť informačných a komunikačných technológií

Stručná história rozvoja informačných a komunikačných technológií (IKT) a jej odraz v štruktúre študijných programov. Model študijného programu pre priemysel IKT. Požiadavky trhu pracovných síl v oblasti priemyslu IKT. Zovšeobecnenie zásad pre návrh študijného programu. Stanovenie vstupných kritéri...

Ausführliche Beschreibung

Gespeichert in:
Bibliographische Detailangaben
1. Verfasser: Jasenek, Jozef
Weitere Verfasser: Janíček, František, Smieško, V.
Format: Buchkapitel
Sprache:Slowakisch
Schlagworte:
Tags: Tag hinzufügen
Keine Tags, Fügen Sie das erste Tag hinzu!

MARC

LEADER 00000naa$a2200000$$$4500
001 0007618
005 20231013112928.2
041 0 |a slo 
044 |a SK 
245 1 0 |a Zásady tvorby moderného študijného programu pre oblasť informačných a komunikačných technológií  |c aut. Jozef Jasenek, František Janíček, V. Smieško 
520 |a Stručná história rozvoja informačných a komunikačných technológií (IKT) a jej odraz v štruktúre študijných programov. Model študijného programu pre priemysel IKT. Požiadavky trhu pracovných síl v oblasti priemyslu IKT. Zovšeobecnenie zásad pre návrh študijného programu. Stanovenie vstupných kritérií. Stanovenie parametrov vzdelávacieho procesu. Implementácia kontroly kvality študijného programu. 
610 2 0 |a programy študijné 
610 2 0 |a technológie komunikačné 
610 2 0 |a technológie informačné 
610 2 0 |a kvalifikácia 
610 2 0 |a absolventi 
610 2 0 |a univerzity 
100 1 |a Jasenek, Jozef 
700 1 |a Janíček, František 
700 1 |a Smieško, V.